| 000 | 00000nam##2200000za#4500 |
| 001 | 9.574590 |
| 003 | CaOODSP |
| 005 | 20241203113634 |
| 007 | cr ||||||||||| |
| 008 | 150406|1998||||xxc|||||o f|0| 0 eng|d |
| 040 | |aCaOODSP|beng |
| 043 | |an-cn--- |
| 086 | 1 |aEn56-119/2-1997E-IN |
| 110 | 1 |aCanada. |bEnvironment Canada. |
| 245 | 10|aAdapting to climate variability and change in Ontario|h[electronic resource]|c[by] Jamie Smith... [et al.]. |
| 260 | |aOttawa - Ontario : |bEnvironment Canada |cMarch 1998. |
| 300 | |a141p.|bfig., glossary, graphs, maps (some coloured), tables |
| 490 | 1 |aCanada country study|vVolume IV |
| 500 | |aThe catalogue number (En56-119/2-1997E) and ISBN (0-662-25922-X) for the print edition have been incorrectly copied in this electronic publication. |
| 504 | |aBibliography. |
| 546 | |a(Preface et sommaire exécutif en français.) |
| 590 | |a12-31-Supp|b2012-07-06 |
| 720 | 1 |aSmith, Jamie |
| 776 | 0#|tAdapting to climate variability and change in the Ontario|w(CaOODSP)9.613938 |
| 830 | #0|aCanada country study ;|vVolume IV|w(CaOODSP)9.504444 |
| 856 | 40|ahttp://publications.gc.ca|qPDF|s852 KB|uhttps://publications.gc.ca/collections/Collection/En56-119-2-1997E.pdf|yVolume IV |